000 00552nam a22001817a 4500
003 CEME
005 20210628202952.0
008 210126b xxu||||| |||| 00| 0 eng d
020 _a0-12-471352-1
040 _c.
082 _a621.811 MAR
100 _aMarghitu, Dan .B
_936215
245 _aKinematic chains and machine components design
260 _aNEW YORK
_bELSEVIER
_c2005
300 _aXI,778 P
650 _aMACHINERY, KINEMATICS OF. MACHINERY- DESIGN CONSTRUCTION.KINEMATIC CHAINS AND MACHINE COMPONENTS DESIGN
_962626
942 _cBK
_2ddc
999 _c571682
_d571682